Estatuto de la profesión de contador público Reglamento general de la contabilidad Plan único de cuentas para comerciantes (Registro nro. 70648)
[ vista simple ]
| 000 -ENCABEZADO | |
|---|---|
| Número de control [NR] | 01522nam a2200385Ia 4500 |
| 005 - FECHA Y HORA DE LA ÚLTIMA TRANSACCIÓN | |
| control field | 20160115124206.0 |
| 008 - DE LONGITUD FIJA DE DATOS DE ELEMENTOS - INFORMACIÓN GENERAL | |
| Elementos de longitud fija [NR] | 130821s2011 ck a gr spa |
| 020 ## - NUMERO INTERNACIONAL NORMALIZADO PARA LIBROS [R] | |
| Número Internacional Normalizado del libro [NR] | 9789586538909 |
| 040 ## - FUENTE DE CATALOGACION [NR] | |
| Agencia de catalogación original [NR] | Co-BoUCM |
| Idioma de catalogación [NR] | spa |
| Quien Cataloga | Luz Cupitra (modificó) |
| Quien Clasifica | Luz Cupitra (modificó) |
| 041 00 - CODIGO DE IDIOMA [R] | |
| Código de idioma para texto/pista de sonido o título separado [R] | Español |
| 240 10 - TITULO UNIFORME [NR] | |
| Título uniforme [NR] | <a href="PUC">PUC</a> |
| 245 00 - MENCION DE TITULO [NR] | |
| Título [NR] | Estatuto de la profesión de contador público Reglamento general de la contabilidad Plan único de cuentas para comerciantes |
| Mención de responsabilidad, etc. [NR] | compilado y concordado por Nubia Yomara Velandia Forero |
| 246 10 - FORMA VARIANTE DEL TITULO [R] | |
| Título propiamente dicho/forma breve del título [NR] | Plan único de cuentas para comerciantes |
| Parte restante del título [NR] | 2011 |
| 246 10 - FORMA VARIANTE DEL TITULO [R] | |
| Título propiamente dicho/forma breve del título [NR] | Reglamento general de la contabilidad |
| 246 13 - FORMA VARIANTE DEL TITULO [R] | |
| Título propiamente dicho/forma breve del título [NR] | PUC 2011 |
| 250 ## - MENCION DE EDICION [NR] | |
| Mención de edición [NR] | 19a. ed. |
| 260 ## - PUBLICACION, DISTRIBUCION, ETC. (PIE DE IMPRENTA) [R] | |
| Lugar de publicación, distribución, etc. [R] | Bogotá (Colombia) |
| Nombre del editor, distribuidor, etc. [R] | Legis |
| Fecha de publicación, distribución, etc. [R] | 2011 |
| 300 ## - DESCRIPCION FISICA [R] | |
| Extensión [R] | 470 páginas |
| Otros detalles físicos [NR] | tablas., cuadros |
| Material acompañante [NR] | 1 CD-ROM |
| 630 ## - ASIENTO SECUNDARIO DE MATERIA - TITULO UNIFORME [R] | |
| Título uniforme [NR] | Decreto 2649 de 1993 |
| 9 (RLIN) | 4961 |
| 630 ## - ASIENTO SECUNDARIO DE MATERIA - TITULO UNIFORME [R] | |
| Título uniforme [NR] | Decreto 2650 de 1993 |
| 9 (RLIN) | 4962 |
| 630 ## - ASIENTO SECUNDARIO DE MATERIA - TITULO UNIFORME [R] | |
| Título uniforme [NR] | Ley 145 de 1960 |
| 9 (RLIN) | 5030 |
| 630 ## - ASIENTO SECUNDARIO DE MATERIA - TITULO UNIFORME [R] | |
| Título uniforme [NR] | Ley 43 de 1990 |
| 9 (RLIN) | 5056 |
| 650 04 - ASIENTO SECUNDARIO DE MATERIA - TERMINO TEMATICO [R] | |
| Término temático o nombre geográfico como elemento de entrada [NR] | Comerciantes |
| Subdivisión general [R] | Legislación |
| Subdivisión geográfica [R] | Colombia |
| 9 (RLIN) | 11189 |
| 650 04 - ASIENTO SECUNDARIO DE MATERIA - TERMINO TEMATICO [R] | |
| Término temático o nombre geográfico como elemento de entrada [NR] | Contabilidad |
| 9 (RLIN) | 7449 |
| 650 04 - ASIENTO SECUNDARIO DE MATERIA - TERMINO TEMATICO [R] | |
| Término temático o nombre geográfico como elemento de entrada [NR] | Contabilidad |
| Subdivisión general [R] | Legislación |
| Subdivisión geográfica [R] | Colombia |
| 9 (RLIN) | 33550 |
| 650 04 - ASIENTO SECUNDARIO DE MATERIA - TERMINO TEMATICO [R] | |
| Término temático o nombre geográfico como elemento de entrada [NR] | Contabilidad |
| Subdivisión geográfica [R] | Colombia |
| Subdivisión de forma [R] | Reglamentos |
| 9 (RLIN) | 7449 |
| 650 04 - ASIENTO SECUNDARIO DE MATERIA - TERMINO TEMATICO [R] | |
| Término temático o nombre geográfico como elemento de entrada [NR] | Contadores |
| Subdivisión general [R] | Legislación |
| Subdivisión geográfica [R] | Colombia |
| 9 (RLIN) | 11754 |
| 650 04 - ASIENTO SECUNDARIO DE MATERIA - TERMINO TEMATICO [R] | |
| Término temático o nombre geográfico como elemento de entrada [NR] | Derecho comercial |
| 9 (RLIN) | 12717 |
| 650 04 - ASIENTO SECUNDARIO DE MATERIA - TERMINO TEMATICO [R] | |
| Término temático o nombre geográfico como elemento de entrada [NR] | Derecho comercial |
| Subdivisión geográfica [R] | Colombia |
| 9 (RLIN) | 33552 |
| 650 04 - ASIENTO SECUNDARIO DE MATERIA - TERMINO TEMATICO [R] | |
| Término temático o nombre geográfico como elemento de entrada [NR] | Estados financieros |
| Subdivisión geográfica [R] | Colombia |
| 9 (RLIN) | 15032 |
| 700 1# - ASIENTO SECUNDARIO - NOMBRE PERSONAL [R] | |
| Nombre personal [NR] | Velandia Forero, Nubia Yomara |
| 9 (RLIN) | 33554 |
| 710 2# - ASIENTO SECUNDARIO - NOMBRE CORPORATIVO [R] | |
| Nombre corporativo o de jurisdicción como elemento de entrada [NR] | Legis Editores |
| 9 (RLIN) | 28092 |
| 942 ## - ELEMENTOS DE ENTRADA AGREGADOS (KOHA) | |
| Tipo de ítem principal el descrito en 300a | Libro |
| Tema principal | Administración |
| Edición | 1 |
| Parte restante de la signatura top. | P699 |
| Sistema de clasificación | DEWEY |
| Clasificación | 657.2 |
| Fecha de último préstamo | Signatura topográfica | Código de barras | Última vez visto | Volúmen / Fascículo | Ejemplar | Price effective from | Tipo de ítem | Perdido | Sistema de clasificación | Dañado | No prestable | Tipo de ítem específico | Suprimido | Ubicación habitual | Ubicación actual | Localización | Fecha de creación | Forma de adquisición | Costo | Total préstamos | Total Renewals |
|---|---|---|---|---|---|---|---|---|---|---|---|---|---|---|---|---|---|---|---|---|---|
| 31/01/2011 | 657.2 P699 | 100111208 | 29/08/2023 | 19a. Ed. 2011 | Ej.8 | 03/02/2013 | Multimedia | DEWEY | CD-Rom | Bodega | Bodega | Préstamo 4 días después de solicitado | 19/02/2013 | Compra | 39000.00 | ||||||
| 09/02/2013 | 657.2 P699 | 100111210 | 10/12/2024 | 19a.Ed. 2011 CD-ROM | Ej.10 | 03/02/2013 | Multimedia | DEWEY | CD-Rom | Claustro | Claustro | Colección digital | 19/02/2013 | Compra | 39000.00 | 4 | 2 | ||||
| 04/03/2016 | 657.2 P699 | 100111202 | 16/01/2025 | 19a. Ed. 2011 | Ej.2 | 03/02/2013 | Libro | DEWEY | Libro | Procesos Técnicos | Procesos Técnicos (no para préstamo) | 2do piso | 30/09/2011 | Compra | 39000.00 | 64 | 1 | ||||
| 09/02/2016 | 657.2 P699 | 100111204 | 16/01/2025 | 19a.Ed. 2011 | Ej.4 | 03/02/2013 | Libro | DEWEY | Libro | Procesos Técnicos | Procesos Técnicos (no para préstamo) | 2do piso | 30/09/2011 | Compra | 39000.00 | 5 | 7 |